|
|
|
|
| LEADER |
00000nab a2200000 a 4500 |
| 001 |
vtls000675253 |
| 003 |
SK-MaSNL |
| 005 |
20260305031137.0 |
| 008 |
250426c1998 xo 0 slo |
| 015 |
|
|
|a SNBRB1998/11-30745
|
| 035 |
|
|
|a CLN000027427
|
| 035 |
|
|
|a urn:nbn:sk:snk-abaic4
|
| 035 |
|
|
|a (urnnbn)urn:nbn:sk:snk:ar-008oaa
|
| 035 |
|
|
|a (uuid)69b8a7c2-6aff-4722-8954-75c05af5f1ea
|
| 040 |
|
|
|a SNKBUCL
|b slo
|c SNKBUCL
|e AACR2
|
| 041 |
0 |
|
|a slo
|
| 044 |
|
|
|a xo
|c SK
|
| 080 |
|
|
|a 908.437.6
|2 1997
|
| 080 |
|
|
|a 82:929:885.4
|2 1997
|
| 080 |
|
|
|a 885.4:929
|2 1997
|
| 080 |
|
|
|a 929(437.6)
|2 1997
|
| 100 |
1 |
|
|a Puchala, Vladimír,
|d 1967-
|4 aut
|9 104634
|
| 245 |
1 |
0 |
|a Drámy pod Plejsami
|c Vlado Puchala
|
| 300 |
|
|
|b Fotogr.
|
| 650 |
0 |
7 |
|a osobnosti významné
|z Krompachy (Slovensko)
|2 snkbucl
|9 1608794
|
| 650 |
0 |
7 |
|a slovenskí spisovatelia
|2 snkbucl
|9 1258
|
| 651 |
|
7 |
|a Spišská Nová Ves (Slovensko : okres)
|2 snkbucl
|9 22259
|
| 651 |
|
7 |
|a Krompachy (Slovensko)
|2 snkbucl
|9 43389
|
| 655 |
|
7 |
|a články z novín a časopisov
|2 snkbucl
|9 267496
|
| 773 |
0 |
|
|t Literárny týždenník
|g Roč. 11, č. 40 (1998), s. 3
|x 0862-5999
|
| 850 |
|
|
|a Slovenská národná knižnica
|
| 852 |
|
|
|a Slovenská národná knižnica
|
| 954 |
|
|
|a odborná, vedecká literatúra pôvodná (slovenská)
|2 lita
|
| 958 |
|
|
|a article14
|
| 958 |
|
|
|a SK
|
| 958 |
|
|
|a LX
|
| 958 |
|
|
|a OND
|
| 958 |
|
|
|a EUIPO
|
| 992 |
|
|
|a RBX
|
| 999 |
|
|
|c 3314921
|d 3316851
|